| 000 | 01017nam a2200241 a 4500 | ||
|---|---|---|---|
| 001 | 74233 | ||
| 003 | BD-RjUL | ||
| 005 | 20211209082522.0 | ||
| 008 | 180410s2014 bg a|||| |||| 001 0 ben d | ||
| 020 |
_a9789849071297 _c: Tk. 450.00 |
||
| 035 | _a(BD-RjUL)74451 | ||
| 040 |
_aBD-RjUL _bben _cBD-RjUL _dBD-RjUL |
||
| 041 | _aben | ||
| 082 |
_223 _bMUK 2014 _a305.5520954 |
||
| 100 | 1 |
_aমুকুল, এম আর আখতার _9221064 |
|
| 245 | 1 |
_aকোলকাতা কেন্দ্রিক বুদ্ধিজীবী / _cএম আর আখতার মুকুল |
|
| 260 |
_aঢাকা : _bঅনন্যা, _c২০১৪ |
||
| 300 |
_a৩১৬ পৃ. : _bচিত্র ; _c২৩ সেমি. |
||
| 520 | _aIntelligentsia and the intellectual life in Calcutta, 1871-1911; historical study. | ||
| 650 |
_aবুদ্ধিজীবি _zভারত _zকলকাতা _xইতিহাস _9221065 |
||
| 650 |
_aIntellectuals _zIndia _zKolkata _xHistory. _9221066 |
||
| 942 |
_2ddc _cBK |
||
| 999 |
_c74233 _d74233 |
||